|
|
|
|
| LEADER |
00000nab a2200000 a 4500 |
| 001 |
vtls009937176 |
| 003 |
SK-MaSNL |
| 005 |
20260305025823.0 |
| 008 |
090806 2009 xo r r 000 0 slo |
| 015 |
|
|
|a SNBRB2009/08
|2 kevkjb
|
| 038 |
|
|
|a KEVKJB
|
| 040 |
|
|
|a KEVKJB
|b slo
|c KEVKJB
|e AACR2
|
| 041 |
0 |
|
|a slo
|
| 044 |
|
|
|a xo
|c SK
|
| 080 |
|
|
|a 636.32/.38
|2 2001
|
| 100 |
1 |
|
|a Galan, Peter
|4 aut
|9 268443
|
| 245 |
1 |
0 |
|a Ovčiari
|b práca na salaši je tvrdý a zle platený chlebík. ak to takto pôjde ďalej, onedlho tradičné koliby na Slovensku nenájdeme
|c Peter Galan
|
| 300 |
|
|
|b Obr.
|
| 650 |
0 |
7 |
|a chov oviec
|2 kevkjb
|9 29711
|
| 650 |
0 |
7 |
|a salaše
|2 kevkjb
|9 22683
|
| 650 |
0 |
7 |
|a ovčiarstvo
|2 kevkjb
|9 17572
|
| 651 |
|
7 |
|a Juráňova dolina (Slovensko)
|2 kevkjb
|9 74672
|
| 651 |
|
7 |
|a Tvrdošín (Slovensko : okres)
|2 kevkjb
|9 56288
|
| 651 |
|
7 |
|a Brezovica (Tvrdošín, Slovensko)
|2 snkbucl
|9 160380
|
| 773 |
0 |
|
|t Plus 7 dní
|g Roč. XIX, č. 32 (2009), s. 62-64
|x 1210-2040
|
| 852 |
|
|
|a KEVKJB
|b KIS3GCP
|
| 999 |
|
|
|c 3307662
|d 3309592
|